Estadísticas para Países en emojis (con dificultad)

Haz click aquí para intentar la prueba.

Estadísticas generales

  • Esta prueba ha sido intentada 106 veces
  • La puntuación promedio es 28 de 76

Estadísticas de respuestas

Respuesta% Correcto
Australia
94%
Canadá
91%
Italia
88%
Chile
83%
Jamaica
83%
China
80%
Reino Unido
80%
Argentina
77%
Suiza
76%
Francia
74%
México
74%
Turquía
73%
España
71%
Nueva Zelanda
71%
Bélgica
67%
Japón
67%
Uruguay
67%
Alemania
65%
Estados Unidos
65%
Grecia
65%
India
61%
Irlanda
61%
Rusia
61%
Brasil
58%
Mónaco
58%
Chipre
52%
Ucrania
52%
Países Bajos
50%
Rumania
50%
Israel
45%
Arabia Saudi
42%
Finlandia
42%
Sudáfrica
36%
Corea del Sur
33%
Perú
33%
Tanzania
33%
Austria
32%
Islandia
30%
Paraguay
27%
Venezuela
26%
Dinamarca
24%
Egipto
24%
Kenia
24%
Cuba
23%
Congo
21%
Irán
21%
Marruecos
21%
Liberia
20%
Líbano
18%
Serbia
18%
Nigeria
17%
Portugal
17%
Suecia
17%
Vaticano
17%
Costa Rica
15%
Nepal
15%
Somalia
14%
Ecuador
12%
Colombia
11%
Indonesia
11%
Surinam
11%
Noruega
9%
Haití
8%
Taiwán
8%
Bolivia
6%
Croacia
6%
Bulgaria
5%
Emiratos Árabes Unidos
5%
Kazajistán
5%
Panamá
5%
Tailandia
5%
República Checa
3%
Azerbaiyán
2%
Filipinas
2%
Mongolia
2%
Vietnam
2%

Distribución de puntuación

Porcentaje por número respondido

Porcentaje de gente con cada puntuación

Historial de tus puntuaciones

No has intentado esta prueba.